Statystyki dla Stolice świata na literę T

Kliknij tutaj aby rozwiązać quiz!

Ogólne statystyki

  • Ten quiz został rozwiązany 5 086 razy
  • Średni wynik to 6 z 12

Statystyki odpowiedzi

PaństwoStolica% Poprawnych
EstoniaTallinn
75%
AlbaniaTirana
73%
JaponiaTokio
72%
IranTeheran
54%
UzbekistanTaszkent
45%
TunezjaTunis
44%
TajwanTajpej
41%
GruzjaTbilisi
41%
LibiaTrypolis
36%
HondurasTegucigalpa
31%
BhutanThimphu
28%
KiribatiTarawa Południowa
20%

Rozkład punktacji

Percentyl według liczby udzielonych odpowiedzi

Procent ludzi z każdym wynikiem

Twoja historia wyników

Nie rozwiązałeś tego quizu